2022 GWS Giants AFL Team Quiz - Statistics

General Stats
  • This quiz has been taken 82 times
  • The average score is 23 of 45
Answer Stats
No. Player Name % Correct
12 Tom Green
96%
4 Toby Green
94%
3 Stephen Coniglio
85%
6 Lachie Whitfield
81%
22 Josh Kelly
80%
8 Callan Ward
78%
23 Jesse Hogan
78%
15 Sam Taylor
74%
27 Harry Himmelberg
72%
1 Phil Davis
70%
2 Jacob Hopper
69%
11 Braydon Preuss
67%
16 Brent Daniels
67%
46 Callum M. Brown
65%
14 Tim Taranto
65%
39 Connor Idun
63%
19 Nick Haynes
59%
13 Isaac Cumming
57%
32 Kieren Briggs
56%
30 Matt Flynn
56%
26 Jake Riccardi
54%
7 Lachie Ash
54%
37 Bobby Hill
52%
38 Daniel Lloyd
46%
44 Jack Buckley
46%
10 Jacob Wehr
43%
5 Tanner Bruhn
43%
20 James Peatling
41%
25 Lachlan Keeffe
41%
9 Ryan Angwin
41%
17 Finn Callaghan
39%
33 Xavier O'Halloran
39%
43 Cooper Hamilton
37%
36 Harry Perryman
37%
21 Leek Aleer
37%
18 Conor Stone
30%
42 Jake Stein
30%
40 Adam Kennedy
28%
24 Matt De Boer
26%
34 Josh Fahey
20%
29 Cameron Fleeton
17%
45 Wade Derkson
17%
28 Zach Sproule
17%
35 Will Shaw
15%
31 Jarrod Brander
13%
No matching quizzes found
Score Distribution
Percent of People with Each Score
Percentile by Number Answered
Your Score History
You have not taken this quiz